South Eastern Kenya University

Library Online Public Access Catalogue


Nutrition and biochemistry for nurses (Record no. 43)

MARC details
000 -LEADER
fixed length control field 00478nam a22001577a 4500
020 ## - ISBN
International Standard Book Number 9788184486919
050 ## - LIBRARY OF CONGRESS CALL NUMBER
Classification Number RM217
Item Number .A57 2009
100 ## - MAIN ENTRY--Author
Personal name Anthikad, Jacob
245 ## - TITLE
Title Nutrition and biochemistry for nurses
Statement of responsibility, etc Jacob Anthikad
250 ## - EDITIONSTATEMENT
Edition statement 1st ed.
260 ## - PUBLICATION, DISTRIBUTION, ETC.(IMPRINT)
Place of publication, distribution, etc New Delhi:
Name of publisher, distributor, etc Jaypee Brothers Medical Publishers,
Date of publication, distribution, etc 2009.
300 ## - PHYSICAL DESCRIPTION
Extent xi, 532 pgs.
500 ## - GENERALNOTE
General note Includes appendices and index
650 ## - SUBJECT--TOPIC
Topical term following geographic name as entry element Nursing - - study and teaching ;
-- Nutrition
-- Biochemistry
942 ## - ADDED ENTRY ELEMENTS(KOHA)
Koha item type General circulation
Holdings
Source of classification or shelving scheme Not for loan Location (home branch) Sublocation (holding branch) Date accessioned Cost, normal purchase price Full call number Barcode Cost, replacement price Nonpublic note Koha item type Public note
Library of Congress Classification   Main Campus Library Main Campus Library 05/05/2014 2000.00 RM217 .A57 2009 2019/024461 2500.00 Nzk General circulation Nzk
Kitui, Kenya.
+254736116989
library@seku.ac.ke